000 00624nam a22001937a 4500
999 _c190602
_d190602
005 20220729120933.0
010 _aENG-134094
020 _a9788170007463
_c900.00
035 _aEN-117626
037 _bDBAB/PUB
082 _a025.4
100 _aShukla, Akhandanand
245 _aWebometric Studies and Libraries/
_cAkhandanand Shukla and Aditya Tripathi
260 _aNew Delhi
_bEss Ess Publications
_c2015
270 _a4831/24, Ansari Road, Darya Ganj
_bNew Delhi
_e110002
_minfo@essessreference.com
300 _aix, 222p.
_c22cm(hb)
700 _aTripathi, Aditya
942 _2ddc
_cEN
_h025.4
_mTRI